Представление документа в формате RUSMARC

ПолеНазваниеЗначение
  Тип записи a
  Библиографический уровень m
001 Контрольный номер RU/REG73/CBS_GRAD/c1cd283f1596466e828d13df9e18d78d
005 Дата корректировки 20260413153114.6
010 Индекс ISBN __
d Цена 50 к.
9 Тираж 100000 экз.
a ISBN 5-235-00923-1
100 Данные общей обработки __
a Данные общей обработки 20260403d1990 u y0rusy0189## ca
101 Язык документа 0_
a Язык текста rus
102 Страна публикации __
a Страна публикации RU
105 Кодированные данные (монография) __
a Кодированные данные (монография) a z 000yy
200 Заглавие и сведения об ответственности 1_
f Первые сведения об ответственности Андрей Вадимович Стрыгин
g Последующие сведения об ответственности редактор И. Агафонов
a Заглавие Увлечение века
203 Вид содержания и тип средства __
a Вид содержания Текст
b Характеристика содержания визуальный
c Тип средства непосредственный
210 Выходные данные 1_
a Место издания Саратов
c Издательство Приволжское книжное издательство
d Дата издания 1988
215 Физическое описание __
a Объем 141 с.
d Формат 17 см
c Иллюстрации/тип воспроизводства ил.
225 Серия 1_
a Серия Мир творческих увлечений
606 Тематические рубрики 0_
a Основная рубрика Книговедение
610 Ключевые слова 0_
a Ключевые слова общение посредством книги; марки; история возникновения марок
686 Индексы других классификаций __
a Классификационный индекс 76.1
2 Код системы rubbk
700 Автор _1
a Фамилия Стрыгин
b Имя (инициалы) А. В.
g Полное личное имя Андрей Вадимович
4 Код отношения 070
702 Вторичная интеллектуальная ответственность _1
a Фамилия Агафонов
b Имя (инициалы) И.
4 Код отношения 340
801 Источник записи _0
a Страна RU
b Организация RuCBSGrad
c Дата составления 20260403
g Правила каталогизации RCR
801 Источник записи _1
a Страна RU
b Организация RuCBSGrad
c Дата составления 20260403
g Правила каталогизации RCR
852 Данные о местонахождении __
a Наименование организации МБУК "ЦБС г. Димитровград"
i Авторский знак С 87
z Тип записи R
901 Тип документа __
t Тип документа m
909 Создатель записи __
a Создатель записи Емангулова
b Дата создания записи 20260403